[Event "GRE-ch U20 Girls"]
[Site "Trikala"]
[Date "2020.08.17"]
[Round "1"]
[White "Theodosiou, Sotiria"]
[Black "Dereka, Konstantina"]
[Result "0-1"]
[WhiteElo "1261"]
[BlackElo "1577"]
[PlyCount "52"]
[EventDate "2020.08.17"]
[EventType "swiss"]
[EventRounds "9"]
[EventCountry "GRE"]
[SourceTitle "CBM 198 Extra"]
[Source "ChessBase"]
[SourceDate "2020.11.30"]
[SourceVersion "1"]
[SourceVersionDate "2020.11.30"]
[SourceQuality "1"]

1. e4 Nf6 2. Nc3 d5 3. Qe2 dxe4 4. Nxe4 Nbd7 5. d3 e6 6. Bg5 Be7 7. 0-0-0 0-0 8. f4 c5 9. Nf3 Qa5 10. Kb1 b5 11. Ne5 Nxe5 12. Nxf6+ gxf6 13. Bh6 Ng6 14. Bxf8 Bxf8 15. g3 Bb7 16. Bg2 Bxg2 17. Qxg2 Rd8 18. h4 Rd6 19. b3 b4 20. h5 Ne7 21. Rh4 Nd5 22. Re1 Ra6 23. Rg4+ Kh8 24. Qe4 Nc3+ 25. Kc1 Nxe4 26. Rxe4 f5 0-1

[Event "GRE-ch U16 Girls"]
[Site "Achaia"]
[Date "2017.06.30"]
[Round "7"]
[White "Theodosiou, Sotiria"]
[Black "Fragou, Maria V"]
[Result "0-1"]
[WhiteElo "1231"]
[BlackElo "1395"]
[PlyCount "70"]
[EventDate "2017.06.26"]
[EventType "swiss"]
[EventRounds "9"]
[EventCountry "GRE"]
[SourceTitle "CBM 179 Extra"]
[Source "ChessBase"]
[SourceDate "2017.08.23"]
[SourceVersion "1"]
[SourceVersionDate "2017.08.23"]
[SourceQuality "1"]

1. e4 c6 2. d4 d5 3. Nc3 dxe4 4. Nxe4 Bf5 5. Nc3 h6 6. Bd3 Bxd3 7. Qxd3 Nf6 8. Nf3 Qc7 9. Be3 e6 10. 0-0 Nbd7 11. Ne4 Nxe4 12. Qxe4 Bd6 13. c4 Nf6 14. Qd3 0-0 15. c5 Be7 16. Ne5 Rad8 17. Rad1 Nh7 18. Qe2 Rd5 19. Qg4 Nf6 20. Qg3 Ne4 21. Qf4 Nf6 22. Qg3 Ne4 23. Qf4 Nf6 24. Qg3 h5 25. Bf4 Qd8 26. Be3 Kh7 27. h3 Bxc5 28. Qf4 Bd6 29. g4 Bxe5 30. dxe5 Rxd1 31. Rxd1 Qxd1+ 32. Kh2 Nd5 33. Qe4+ Kg8 34. Bd4 hxg4 35. hxg4 b6 0-1

[Event "GRE-ch U16 Girls"]
[Site "Achaia"]
[Date "2017.06.27"]
[Round "2"]
[White "Vazoura, Aphroditi Haralambi"]
[Black "Theodosiou, Sotiria"]
[Result "1-0"]
[WhiteElo "1443"]
[BlackElo "1231"]
[PlyCount "51"]
[EventDate "2017.06.26"]
[EventType "swiss"]
[EventRounds "9"]
[EventCountry "GRE"]
[SourceTitle "CBM 179 Extra"]
[Source "ChessBase"]
[SourceDate "2017.08.23"]
[SourceVersion "1"]
[SourceVersionDate "2017.08.23"]
[SourceQuality "1"]

1. d4 d5 2. Bf4 Nc6 3. e3 e6 4. c3 Nge7 5. Nf3 g6 6. Bd3 Bg7 7. h4 f6 8. Bg3 e5 9. dxe5 Nxe5 10. Be2 Nf5 11. Bf4 Nxf3+ 12. Bxf3 g5 13. Bh5+ Kf8 14. hxg5 fxg5 15. Bh2 Be6 16. Qf3 Ke7 17. 0-0 Qd7 18. Re1 Raf8 19. Qe2 Kd8 20. Na3 a6 21. Rad1 Bf6 22. e4 Ng7 23. exd5 Bf7 24. Bg4 Qe8 25. Qc4 Be7 26. Qxc7# 1-0